000 00705nam a22002537a 4500
001 45049
003 UA-OsUOA
005 20191217164048.0
007 ta
008 20110923b un ||||| |||| 00| 0 ukr d
040 _aUA-OsUOA
_bukr
_cUA-OsUOA
_dUA-OsUOA
041 _aukr
080 _a09.-82-3
090 _a09.-82-3
_bД70
100 _aДостоєвський Ф.
245 _aВина і кара
_n1
_n2
260 _aВінніпег
_c1927
300 _a271 с.
650 7 _a0 Загальний відділ.
_2UDC
942 _cBK
_2udc
955 _a3
999 _c425158
_d425158